| 000 | 00334 a2200121 4500 | ||
|---|---|---|---|
| 020 | _a9780195979145 | ||
| 082 | _a330.5491 ZAI | ||
| 100 | _aZaidi, S. Akbar | ||
| 245 |
_aIssues in Pakistan's Economy _cS. Akbar Zaidi |
||
| 250 | _a2nd. Rev. Ed. | ||
| 260 |
_aPakistan. _bOxford University Press _c2008 |
||
| 300 |
_axii, 530p. _bill. ; _c27 cm. |
||
| 650 | _aEconomics | ||
| 999 |
_c182 _d182 |
||